| 000 | 00470nam a2200169 a 4500 | ||
|---|---|---|---|
| 001 | 2605 | ||
| 005 | 20140414131918.0 | ||
| 008 | 050607s19uu xx 00 eng d | ||
| 020 | _a1-85210-837-1 | ||
| 050 |
_aER _bM99 1990 |
||
| 100 | _aDavies, Sophie | ||
| 245 |
_aMy visit to the theme park / _cSophie Davies and Diana Bentley. |
||
| 260 |
_bWayland Publishers, _aEngland : _c1990. |
||
| 300 | _a24 p. : ill. ; cm. | ||
| 650 | _aChildren stories. | ||
| 999 |
_c111621 _d111621 |
||